Una propuesta de solución nacional y popular: por la democracia, la justicia y la honradez
Đã lưu trong:
| Định dạng: | Texto |
|---|---|
| Các nhãn: |
Thêm thẻ
Không có thẻ, Là người đầu tiên thẻ bản ghi này!
|
MARC
| LEADER | 00000 a a2200000 04500 | ||
|---|---|---|---|
| 001 | 47784 | ||
| 003 | |||
| 040 | |||
| 245 | |a Una propuesta de solución nacional y popular: |b por la democracia, la justicia y la honradez | ||
| 773 | |g número7, (julio-diciembre, 1987), páginas 101-106 | ||
| 999 | |c 36264 |d 36264 | ||
